[Event "Fourmies op 35th"]
[Site "Fourmies"]
[Date "2011.06.11"]
[Round "2"]
[White "Habran, Gael"]
[Black "De Noose, Daniel"]
[Result "1/2-1/2"]
[WhiteElo "1540"]
[BlackElo "1862"]
[PlyCount "101"]
[EventDate "2011.06.11"]
[EventType "swiss"]
[EventRounds "7"]
[EventCountry "FRA"]
[SourceTitle "CBM 142 Extra"]
[Source "ChessBase"]
[SourceDate "2011.06.27"]
[SourceVersion "1"]
[SourceVersionDate "2011.06.27"]
[SourceQuality "1"]

1. e4 e5 2. f4 Nc6 3. Nf3 f5 4. d3 d6 5. Nc3 Nf6 6. Be2 Be7 7. 0-0 0-0 8. fxe5 dxe5 9. exf5 Bc5+ 10. Kh1 Ng4 11. Bg5 Qe8 12. Ne4 Bb6 13. Nfd2 Ne3 14. Bxe3 Bxe3 15. Nc4 Bf4 16. g3 Bh6 17. Bh5 Qe7 18. g4 Bf4 19. Rg1 Nd4 20. c3 Qh4 21. Rg2 g6 22. Qe1 Qxe1+ 23. Rxe1 Nf3 24. Rf1 Nh4 25. fxg6 hxg6 26. Rgf2 gxh5 27. Nxe5 Bh6 28. Rxf8+ Bxf8 29. gxh5 Be6 30. Rg1+ Kh8 31. Ng5 Bd5+ 32. Ne4 Bg7 33. Ng6+ Nxg6 34. Rxg6 Re8 35. Rg4 Kh7 36. c4 Bxe4+ 37. Rxe4 Rxe4 38. dxe4 Bxb2 39. Kg2 Kh6 40. Kf3 Be5 41. Kg4 Bxh2 42. Kf5 Kxh5 43. e5 Kh6 44. Kf6 c6 45. e6 Bd6 46. e7 Bxe7+ 47. Kxe7 b5 48. cxb5 c5 49. a4 c4 50. a5 c3 51. b6 1/2-1/2